Highest Goal Scoring Defenders in Europe's Top 5 Leagues Season 21/22 - Statistics

General Stats
  • This quiz has been taken 88 times
  • The average score is 17 of 36
Answer Stats
Goals Club Nationality Answer % Correct
5 Chelsea England Reece James
90%
5 Paris Saint-Germain Brazil Marquinhos
88%
4 Paris Saint-Germain Morocco Achraf Hakimi
87%
5 Arsenal Brazil Gabriel Magalhães
87%
5 Juventus Italy Leonardo Bonucci
87%
5 AC Milan France Theo Hernández
86%
5 Inter Milan Netherlands Denzel Dumfries
82%
4 Manchester City Spain Aymeric Laporte
81%
4 Barcelona Uruguay Ronald Araujo
81%
4 Chelsea Spain Marcos Alonso
79%
4 Borussia Dortmund Portugal Raphaël Guerreiro
79%
4 Wolverhampton Wanderers England Conor Coady
64%
4 Southampton Poland Jan Bednarek
63%
4 Borussia Monchengladbach Algeria Rami Bensebaïni
55%
4 SS Lazio Italy Francesco Acerbi
51%
5 Villarreal Spain Pau Torres
49%
4 Napoli Kosovo Amir Rrahmani
45%
7 Udinese Argentina Nahuel Molina
40%
5 Bologna Scotland Aaron Hickey
36%
4 Vfb Stuttgart Greece Konstantinos Mavropanos
36%
4 Eintracht Frankfurt France Obite N'Dicka
32%
6 Genoa Italy Domenico Criscito
31%
5 RC Lens France Jonathan Clauss
28%
4 Eintracht Frankfurt Brazil Tuta
28%
5 Real Betis Spain Alex Moreno
27%
4 Fiorentina Italy Cristiano Biraghi
24%
5 SC Freiburg Austria Philipp Lienhart
24%
5 Udinese Italy Destiny Udogie
21%
4 Mainz France Moussa Niakhate
19%
4 Osasuna Spain David Garcia
17%
4 Mainz Switzerland Silvan Widmer
17%
4 SC Freiburg Germany Nico Schlotterbeck
14%
4 Stade de Reims Belgium Wout Faes
13%
4 Hellas Verona Italy Davide Faraoni
9%
4 Real Sociedad Spain Aritz Elustondo
8%
4 FC Metz France Fabien Centonze
3%
No matching quizzes found
Score Distribution
Percent of People with Each Score
Percentile by Number Answered
Your Score History
You have not taken this quiz